00173nam a2200073Ia 4500020001900000100001400019245002500033008004100058 a9781405239295" aSTRANGE B 0aTOO GHOUL FOR SCHOOL210805s9999 xx 000 0 und d